000 00431nam a2200133Ia 4500
003 GCL
008 140319s9999 xx 000 0 ara d
040 _aGCL /
_cGCL
082 0 4 _a251.2
_bس ك
245 1 0 _aكتاب الجامع الكبير من جوابات العلامة سعيد بن بشير الصبحى
260 _a[S.N] :
_bوزارة التراث القومى والثقافة ،
_c1986
300 _a332 ص
490 _a
999 _c35498
_d35498